000 00890nam a22002657a 4500
003 CHAP
005 20220329134829.0
008 971013s1984 r 00010 d
010 _a26631
011 _a27603
035 _a31704
040 _cCHAP
082 _a669.9545
_bI7
100 0 0 _aItalian Institute for Foreing Trade.
_960673
245 _aItalian producers and manufactures on non ferrous metals
_b: a technical and buyer's guide of unwrought metals, semimanufactured and manufactured product
260 _aRoma :
_bThe Institute,
_c(1984?)
300 _a116 p.
_b: ilus
590 _aBATCH-UPD
_b10
_c20130110
_lUCH01
_h1957
590 _aCONVERSION
_b10
_c20130109
_lUCH01
_h1315
650 1 4 _aIndustrias manufactureras.
_958008
650 1 4 _aMetalurgia.
_975173
901 _aBK
942 _cLIBRO
949 _a669.9545 I7
_bBC
_cLIBRO
_d33724000146080
_eLIBRO
_h70011
_i31704
_si
999 _c26631
_d26631